[Event "Barcelona La Lira op 38th"]
[Site "Barcelona"]
[Date "2020.03.06"]
[Round "8"]
[White "Farre Buil, Carles"]
[Black "Walter Travella, German"]
[Result "0-1"]
[WhiteElo "1761"]
[BlackElo "1815"]
[PlyCount "58"]
[EventDate "2020.01.17"]
[EventType "swiss"]
[EventRounds "8"]
[EventCountry "ESP"]
[SourceTitle "CBM 195 Extra"]
[Source "ChessBase"]
[SourceDate "2020.05.31"]
[SourceVersion "1"]
[SourceVersionDate "2020.05.31"]
[SourceQuality "1"]

1. e4 c6 2. Nf3 d5 3. Nc3 Bg4 4. h3 Bxf3 5. Qxf3 Nf6 6. d3 e6 7. Bd2 Nbd7 8. g4 Bb4 9. a3 Bd6 10. g5 Ne5 11. Qe2 Nfd7 12. f4 Ng6 13. e5 Be7 14. h4 h6 15. Bg2 hxg5 16. hxg5 Rxh1+ 17. Bxh1 Qb6 18. 0-0-0 0-0-0 19. Bf3 Qa6 20. Nb1 Kb8 21. Rh1 c5 22. Rh7 Rg8 23. Rh2 Rc8 24. Kd1 Qb5 25. Bc1 Nxf4 26. Bxf4 Qxb2 27. Bc1 Qxb1 28. Qd2 c4 29. dxc4 Nxe5 0-1

[Event "Barcelona Sant Marti op 9th"]
[Site "Barcelona"]
[Date "2020.02.06"]
[Round "4"]
[White "Busom Isach, Carlos"]
[Black "Farre Buil, Carles"]
[Result "1-0"]
[WhiteElo "2060"]
[BlackElo "1761"]
[PlyCount "51"]
[EventDate "2020.01.16"]
[EventType "swiss"]
[EventRounds "9"]
[EventCountry "ESP"]
[SourceTitle "CBM 195 Extra"]
[Source "ChessBase"]
[SourceDate "2020.05.31"]
[SourceVersion "1"]
[SourceVersionDate "2020.05.31"]
[SourceQuality "1"]

1. e4 c5 2. c3 Nf6 3. e5 Nd5 4. d4 cxd4 5. cxd4 d6 6. Bc4 Nb6 7. Bb5+ Bd7 8. e6 fxe6 9. Bd3 Qc8 10. Nc3 Nc6 11. Qh5+ Kd8 12. Nf3 Nb4 13. Bb1 Be8 14. Qg5 N4d5 15. Nxd5 Nxd5 16. 0-0 Qd7 17. Re1 Bf7 18. Qd2 g6 19. Qe2 Bg7 20. Bd3 a6 21. Bd2 Rc8 22. Rac1 Rxc1 23. Rxc1 Rf8 24. Bxa6 bxa6 25. Qxa6 Nc7 26. Ba5 1-0

[Event "Barcelona La Lira op 38th"]
[Site "Barcelona"]
[Date "2020.01.17"]
[Round "1"]
[White "Farre Buil, Carles"]
[Black "Arcas Lopez, Josep Antoni"]
[Result "1-0"]
[WhiteElo "1761"]
[BlackElo "1410"]
[PlyCount "53"]
[EventDate "2020.01.17"]
[EventType "swiss"]
[EventRounds "8"]
[EventCountry "ESP"]
[SourceTitle "CBM 195 Extra"]
[Source "ChessBase"]
[SourceDate "2020.05.31"]
[SourceVersion "1"]
[SourceVersionDate "2020.05.31"]
[SourceQuality "1"]

1. d4 Nf6 2. c4 e5 3. dxe5 Ng4 4. Bf4 Nc6 5. Nf3 Bb4+ 6. Nbd2 Qe7 7. e3 Ngxe5 8. Nxe5 Nxe5 9. Be2 0-0 10. 0-0 Qf6 11. a3 Be7 12. b4 d6 13. Ne4 Qg6 14. Nc3 Bh3 15. Bg3 Be6 16. Qb3 c6 17. a4 a6 18. a5 Rfd8 19. e4 Rab8 20. f4 f5 21. exf5 Bxf5 22. fxe5 b6 23. exd6 Bxd6 24. Bxd6 Rxd6 25. axb6 Rxb6 26. Rxf5 Qxf5 27. c5+ 1-0

[Event "Barcelona Christmas Amateur 1st"]
[Site "Barcelona"]
[Date "2020.01.05"]
[Round "9.4"]
[White "Farre Buil, Carles"]
[Black "Velasco Grisales, Henry"]
[Result "1-0"]
[WhiteElo "1763"]
[BlackElo "1700"]
[PlyCount "85"]
[EventDate "2019.12.27"]
[EventType "tourn"]
[EventRounds "9"]
[EventCountry "ESP"]
[SourceTitle "EXT 2024"]
[Source "ChessBase"]
[SourceDate "2023.10.10"]
[SourceVersion "1"]
[SourceVersionDate "2023.10.10"]
[SourceQuality "1"]

1. e4 e5 2. Nf3 Nc6 3. Bc4 a6 4. 0-0 h5 5. d4 exd4 6. Nxd4 Ne5 7. Bb3 c5 8. Nf3 Nxf3+ 9. Qxf3 Qe7 10. Nc3 Qf6 11. Qe2 b5 12. e5 Qg6 13. Bd5 Rb8 14. Bf4 Rb6 15. Be4 Qg4 16. Qe3 Rg6 17. Bxg6 Qxg6 18. Qe4 Qxe4 19. Nxe4 Be7 20. Nd6+ Bxd6 21. exd6 f6 22. Rae1+ Kf7 23. h4 Bb7 24. Re3 Bd5 25. Rfe1 Be6 26. Ra3 Nh6 27. Bxh6 Rxh6 28. Rxa6 Rg6 29. f3 f5 30. Kf2 f4 31. Re5 c4 32. Rxb5 c3 33. b3 Rg3 34. Ra4 Rg6 35. Rxf4+ Kg8 36. Rc5 Kh7 37. Rxc3 Bd5 38. Rd3 Bc6 39. a4 Re6 40. Rf8 g6 41. Rc8 Bb7 42. Rc7 Ba6 43. c4 1-0

[Event "Barcelona Christmas Amateur 1st"]
[Site "Barcelona"]
[Date "2019.12.27"]
[Round "1.1"]
[White "Ani, Virgil"]
[Black "Farre Buil, Carles"]
[Result "0-1"]
[WhiteElo "1515"]
[BlackElo "1763"]
[PlyCount "76"]
[EventDate "2019.12.27"]
[EventType "tourn"]
[EventRounds "9"]
[EventCountry "ESP"]
[SourceTitle "EXT 2024"]
[Source "ChessBase"]
[SourceDate "2023.10.10"]
[SourceVersion "1"]
[SourceVersionDate "2023.10.10"]
[SourceQuality "1"]

1. a3 Nf6 2. Nc3 d5 3. d4 Bf5 4. e3 e6 5. Nf3 h6 6. Bd3 c6 7. Bxf5 exf5 8. Ne5 Bd6 9. f4 Nbd7 10. 0-0 Qe7 11. Bd2 Ne4 12. Qe1 Ndf6 13. Ne2 Qe6 14. b3 Bc7 15. Rc1 0-0 16. c4 Rfe8 17. c5 a5 18. a4 Nd7 19. Rf3 f6 20. Nd3 g5 21. Rh3 Kg7 22. Nf2 Nxd2 23. Qxd2 g4 24. Rg3 h5 25. h4 Nf8 26. Re1 Ng6 27. Kf1 Nxh4 28. Nd3 Ng6 29. e4 fxe4 30. Ng1 Qf5 31. Qe3 Kf8 32. Ne5 fxe5 33. dxe5 Bxe5 34. Ne2 Nxf4 35. Qf2 Kg7 36. Nxf4 Qxf4 37. Qxf4 Bxf4 38. Rc3 Bd2 0-1

[Event "Barcelona op 2nd"]
[Site "Barcelona"]
[Date "2019.11.21"]
[Round "9.1"]
[White "Tortosa Moros, Joan"]
[Black "Farre Buil, Carles"]
[Result "1/2-1/2"]
[WhiteElo "1647"]
[BlackElo "1723"]
[PlyCount "107"]
[EventDate "2019.09.26"]
[EventType "swiss"]
[EventRounds "9"]
[EventCountry "ESP"]
[SourceTitle "EXT 2024"]
[Source "ChessBase"]
[SourceDate "2023.10.10"]
[SourceVersion "1"]
[SourceVersionDate "2023.10.10"]
[SourceQuality "1"]

1. e4 c5 2. Nf3 Nc6 3. d4 cxd4 4. Nxd4 g6 5. c4 Nf6 6. Nc3 d6 7. Be2 Nxd4 8. Qxd4 Bg7 9. Be3 0-0 10. Qd2 a5 11. Bh6 Qb6 12. Bxg7 Kxg7 13. f3 Be6 14. g4 Rfc8 15. Nd5 Bxd5 16. exd5 Qb4 17. Qxb4 axb4 18. h4 b5 19. g5 Nd7 20. cxb5 Nb6 21. h5 Rc2 22. hxg6 hxg6 23. b3 Raxa2 24. Rxa2 Rxa2 25. Rh4 Nxd5 26. Bc4 Nb6 27. Rd4 Rg2 28. f4 Rg3 29. Bd3 d5 30. Kd2 Rg4 31. Be2 Rg3 32. Rxb4 f6 33. gxf6+ Kxf6 34. Bd3 e5 35. fxe5+ Kxe5 36. Rh4 d4 37. Re4+ Kd5 38. Re8 Rg2+ 39. Be2 Kc5 40. Rb8 Nd5 41. Rc8+ Kb6 42. Rc6+ Kb7 43. Ke1 Nf4 44. Bf3 Nd3+ 45. Kd1 Rg1+ 46. Kd2 Ne5 47. Rf6+ Nxf3+ 48. Rxf3 Kb6 49. Rf4 Kxb5 50. Rxd4 Rg2+ 51. Kc3 Rg3+ 52. Rd3 Rxd3+ 53. Kxd3 Kb4 54. Ke3 1/2-1/2

[Event "Barcelona Amateurs"]
[Site "Barcelona"]
[Date "2019.10.16"]
[Round "4.2"]
[White "Farre Buil, Carles"]
[Black "Ferre Campos, Josep"]
[Result "0-1"]
[WhiteElo "1723"]
[BlackElo "1909"]
[PlyCount "74"]
[EventDate "2019.09.25"]
[EventType "swiss"]
[EventRounds "9"]
[EventCountry "ESP"]
[SourceTitle "EXT 2024"]
[Source "ChessBase"]
[SourceDate "2023.10.10"]
[SourceVersion "1"]
[SourceVersionDate "2023.10.10"]
[SourceQuality "1"]

1. e4 e5 2. Nf3 Nc6 3. Bc4 Bc5 4. c3 Nf6 5. d3 d6 6. Bb3 a6 7. 0-0 Ba7 8. h3 h6 9. Re1 Qe7 10. Bc2 g5 11. d4 g4 12. hxg4 Bxg4 13. d5 Nb8 14. Be3 Nh5 15. Bxa7 Rxa7 16. Nbd2 Nf4 17. Nf1 Qf6 18. N1h2 Bh5 19. g3 Rg8 20. Re3 Nd7 21. Kf1 Nh3 22. Ke1 Ra8 23. Qe2 Ng1 24. Qd1 Nf8 25. Kd2 Nxf3+ 26. Nxf3 Nh7 27. Bd3 Bg4 28. Be2 h5 29. Qh1 Ke7 30. Qh4 Rg6 31. Qxf6+ Rxf6 32. Rf1 Rh8 33. Nh4 Bh3 34. Rh1 Ng5 35. f3 Bd7 36. Kd3 Rg8 37. Rf1 Nh3 0-1

[Event "Barcelona Sant Marti op-B 21st"]
[Site "Barcelona"]
[Date "2019.07.15"]
[Round "3"]
[White "Farre Buil, Carles"]
[Black "Greeshma, Anand Dhumal"]
[Result "0-1"]
[WhiteElo "1772"]
[BlackElo "1563"]
[PlyCount "44"]
[EventDate "2019.07.13"]
[EventType "swiss"]
[EventRounds "9"]
[EventCountry "ESP"]
[SourceTitle "EXT 2020"]
[Source "ChessBase"]
[SourceDate "2019.10.17"]
[SourceVersion "1"]
[SourceVersionDate "2019.10.17"]
[SourceQuality "1"]

1. e4 e5 2. Nf3 Nc6 3. Bc4 Nf6 4. Ng5 d5 5. exd5 Na5 6. Bb5+ c6 7. dxc6 bxc6 8. Bd3 h6 9. Ne4 Nd5 10. Nbc3 Nf4 11. Bf1 f5 12. Ng3 Bc5 13. d3 Qb6 14. Qf3 Be6 15. Nge2 g5 16. Nxf4 exf4 17. a3 Bd4 18. Nd1 0-0-0 19. Rg1 Rhe8 20. Be2 c5 21. Kf1 Bd5 22. Qh5 Qe6 0-1

[Event "Barcelona Sant Marti op-B 21st"]
[Site "Barcelona"]
[Date "2019.07.13"]
[Round "1"]
[White "Farre Buil, Carles"]
[Black "Apinyan, Marc"]
[Result "0-1"]
[WhiteElo "1772"]
[BlackElo "1351"]
[PlyCount "114"]
[EventDate "2019.07.13"]
[EventType "swiss"]
[EventRounds "9"]
[EventCountry "ESP"]
[SourceTitle "EXT 2020"]
[Source "ChessBase"]
[SourceDate "2019.10.17"]
[SourceVersion "1"]
[SourceVersionDate "2019.10.17"]
[SourceQuality "1"]

1. e4 e5 2. Nf3 Nc6 3. d4 exd4 4. c3 d3 5. Bxd3 d6 6. Bf4 Nf6 7. Nbd2 Be7 8. 0-0 0-0 9. Qc2 Be6 10. Nd4 Qd7 11. Nxe6 Qxe6 12. Nf3 Ne5 13. Nd4 Qg4 14. Bxe5 dxe5 15. Nf5 Bd6 16. f3 Qg5 17. h4 Qg6 18. c4 Bc5+ 19. Kh2 Nh5 20. b4 Bxb4 21. Rab1 Bc5 22. Rxb7 Qc6 23. Rb3 g6 24. Nh6+ Kg7 25. Ng4 f6 26. g3 Rab8 27. Rfb1 Rb6 28. Kg2 Rd8 29. Be2 Qe6 30. Rb5 Qc6 31. Nh2 a6 32. R5b3 Kf7 33. Nf1 Ng7 34. Nd2 Ne6 35. Rxb6 cxb6 36. Nb3 Nd4 37. Nxd4 Rxd4 38. Rd1 Qd6 39. Rd3 Ke6 40. Qd1 Rxd3 41. Qxd3 Qxd3 42. Bxd3 Bd4 43. c5 b5 44. g4 h6 45. h5 g5 46. Kf1 Bxc5 47. Ke2 Kd6 48. Kd2 Bd4 49. Kc2 Kc5 50. Kb3 a5 51. a4 b4 52. Be2 Bc3 53. Bd1 Kd4 54. Bc2 Ke3 55. Bd1 Kd2 56. Bc2 Ke2 57. Kc4 Kxf3 0-1

[Event "Barcelona La Lira op 12th"]
[Site "Barcelona"]
[Date "2019.05.02"]
[Round "4"]
[White "Palmero Castillo, Marcelino"]
[Black "Farre Buil, Carles"]
[Result "1/2-1/2"]
[WhiteElo "1709"]
[BlackElo "1812"]
[PlyCount "96"]
[EventDate "2019.04.04"]
[EventType "swiss"]
[EventRounds "9"]
[EventCountry "ESP"]
[SourceTitle "CBM 190 Extra"]
[Source "ChessBase"]
[SourceDate "2019.07.15"]
[SourceVersion "1"]
[SourceVersionDate "2019.07.15"]
[SourceQuality "1"]

1. e4 c5 2. Nf3 Nc6 3. d4 cxd4 4. Nxd4 Nxd4 5. Qxd4 Qb6 6. Qxb6 axb6 7. Be3 Nf6 8. Bd3 b5 9. 0-0 b4 10. Bc5 e6 11. Bxf8 Kxf8 12. Nd2 d5 13. exd5 Nxd5 14. Bc4 Nb6 15. Bb3 Bd7 16. Rfd1 Bc6 17. Nc4 Nxc4 18. Bxc4 Ke7 19. f3 Rhd8 20. Kf2 Ba4 21. Bd3 Rac8 22. b3 Bc6 23. a4 bxa3 24. Rxa3 Ra8 25. Rda1 Rxa3 26. Rxa3 h6 27. Ke3 Kd6 28. b4 b6 29. Ra6 Rb8 30. c4 Kc7 31. g3 Kb7 32. Ra3 Rd8 33. f4 Rd7 34. h4 h5 35. f5 exf5 36. Bxf5 Re7+ 37. Kd4 Bd7 38. Bxd7 Rxd7+ 39. Ke5 Re7+ 40. Kd6 Re1 41. Rf3 f6 42. Rb3 g5 43. hxg5 fxg5 44. c5 Rd1+ 45. Ke5 bxc5 46. bxc5+ Kc6 47. Kf5 Rd5+ 48. Ke4 Rxc5 1/2-1/2

[Event "Barcelona Barri Gotic op 7th"]
[Site "Barcelona"]
[Date "2019.03.26"]
[Round "7.5"]
[White "Ferre Campos, Josep"]
[Black "Farre Buil, Carles"]
[Result "1-0"]
[WhiteElo "1958"]
[BlackElo "1821"]
[PlyCount "99"]
[EventDate "2019.02.12"]
[EventType "swiss"]
[EventRounds "9"]
[EventCountry "ESP"]
[SourceTitle "EXT 2024"]
[Source "ChessBase"]
[SourceDate "2023.10.10"]
[SourceVersion "1"]
[SourceVersionDate "2023.10.10"]
[SourceQuality "1"]

1. e4 c5 2. Nf3 Nc6 3. d4 cxd4 4. Nxd4 g6 5. Be3 Bg7 6. Nc3 Nf6 7. f3 0-0 8. Qd2 d5 9. Nxc6 bxc6 10. e5 Nd7 11. f4 e6 12. Na4 Qe7 13. Qc3 Bb7 14. Nc5 Nb6 15. a4 Nc8 16. a5 a6 17. Ra3 Na7 18. Nxa6 Rfc8 19. Bc5 Qe8 20. Bxa7 Bf8 21. Nc5 Rxa7 22. Be2 Bxc5 23. Qxc5 Rca8 24. h4 Qf8 25. Qxf8+ Kxf8 26. h5 Rxa5 27. Rxa5 Rxa5 28. hxg6 Ra1+ 29. Bd1 hxg6 30. Rh8+ Kg7 31. Rd8 Ra8 32. Rxa8 Bxa8 33. b4 Kf8 34. Kf2 Ke7 35. Ke3 Kd7 36. Kd4 Bb7 37. Be2 Kc7 38. Kc5 Bc8 39. Bd3 Bd7 40. Ba6 Be8 41. g4 Bd7 42. Bd3 Be8 43. f5 gxf5 44. gxf5 Bd7 45. f6 Be8 46. c3 Bd7 47. Bg6 Be8 48. Bh5 Kd7 49. Kb6 Kc8 50. Bd1 1-0

[Event "Barcelona Barri Gotic op 7th"]
[Site "Barcelona"]
[Date "2019.03.12"]
[Round "5.9"]
[White "Febrero Perez, Lluis"]
[Black "Farre Buil, Carles"]
[Result "0-1"]
[WhiteElo "1416"]
[BlackElo "1821"]
[PlyCount "56"]
[EventDate "2019.02.12"]
[EventType "swiss"]
[EventRounds "9"]
[EventCountry "ESP"]
[SourceTitle "EXT 2024"]
[Source "ChessBase"]
[SourceDate "2023.10.10"]
[SourceVersion "1"]
[SourceVersionDate "2023.10.10"]
[SourceQuality "1"]

1. e4 c5 2. Nf3 Nc6 3. d4 cxd4 4. Nxd4 g6 5. Be3 Bg7 6. c3 Nf6 7. Nxc6 bxc6 8. Nd2 0-0 9. Bc4 d5 10. exd5 cxd5 11. Bb3 Qd6 12. Qe2 Ba6 13. c4 d4 14. Bg5 Bb7 15. f3 e5 16. 0-0-0 Nd7 17. Ne4 Qc7 18. h4 f5 19. Nf2 h6 20. Bd2 a5 21. Bc2 Nc5 22. b3 Rae8 23. Nd3 e4 24. Nxc5 Qxc5 25. fxe4 fxe4 26. Qe1 Qa3+ 27. Kb1 d3 28. Bc1 dxc2+ 0-1

[Event "Barcelona Sant Marti op 8th"]
[Site "Barcelona"]
[Date "2019.02.28"]
[Round "7"]
[White "Farre Buil, Carles"]
[Black "Vargas Drechsler, Carlos"]
[Result "0-1"]
[WhiteElo "1821"]
[BlackElo "1895"]
[PlyCount "100"]
[EventDate "2019.01.17"]
[EventType "swiss"]
[EventRounds "9"]
[EventCountry "ESP"]
[SourceTitle "CBM 189 Extra"]
[Source "ChessBase"]
[SourceDate "2019.06.03"]
[SourceVersion "1"]
[SourceVersionDate "2019.06.03"]
[SourceQuality "1"]

1. e4 e5 2. Nf3 Nc6 3. Bc4 Nf6 4. d3 d5 5. exd5 Nxd5 6. h3 Bc5 7. a3 a5 8. Nbd2 Bf5 9. Ne4 Bxe4 10. dxe4 Nb6 11. Bd3 Qe7 12. Qe2 f6 13. Be3 0-0-0 14. Bxc5 Qxc5 15. 0-0-0 Nd4 16. Nxd4 Rxd4 17. Qg4+ Kb8 18. Qxg7 Rhd8 19. Qg3 Na4 20. Be2 Qb6 21. b3 Nc5 22. Rxd4 Rxd4 23. Qg8+ Ka7 24. f3 Qd6 25. Rd1 Ne6 26. Rxd4 Nxd4 27. Bd3 Qxa3+ 28. Kd2 Qb4+ 29. Kd1 Qe7 30. Qd5 b6 31. Bb5 Qe6 32. Qxe6 Nxe6 33. Kd2 Nf4 34. Bf1 c6 35. Ke3 b5 36. g3 Ne6 37. f4 Kb6 38. fxe5 fxe5 39. Kd2 Kc5 40. c3 Ng5 41. Bg2 a4 42. Kc2 Kb6 43. bxa4 bxa4 44. h4 Nf7 45. Bh3 Kc5 46. Be6 Nd6 47. Bf5 Nxf5 48. exf5 Kd6 49. g4 e4 50. g5 Ke7 0-1

[Event "Barcelona Sant Marti op-B 20th"]
[Site "Barcelona"]
[Date "2018.07.18"]
[Round "6"]
[White "Farre Buil, Carles"]
[Black "Planella Sanchez, Jordi"]
[Result "1/2-1/2"]
[WhiteElo "1855"]
[BlackElo "1945"]
[PlyCount "73"]
[EventDate "2018.07.13"]
[EventType "swiss"]
[EventRounds "9"]
[EventCountry "ESP"]
[SourceTitle "EXT 2019"]
[Source "ChessBase"]
[SourceDate "2018.10.10"]
[SourceVersion "1"]
[SourceVersionDate "2018.10.10"]
[SourceQuality "1"]

1. e4 e6 2. d4 d5 3. Nd2 Nf6 4. e5 Nfd7 5. Bd3 b6 6. c3 c5 7. Ndf3 Be7 8. Ne2 Nc6 9. 0-0 a5 10. Re1 c4 11. Bc2 b5 12. b3 Nf8 13. bxc4 bxc4 14. a4 Ng6 15. g3 0-0 16. h4 f6 17. Bxg6 hxg6 18. exf6 gxf6 19. Nf4 Kf7 20. Qc2 Rg8 21. Bd2 Qd6 22. h5 g5 23. Ng6 Bd8 24. Kg2 Ne7 25. Nxe7 Bxe7 26. g4 Bd7 27. Bc1 Rab8 28. Ba3 Qf4 29. Nh2 Bxa3 30. Rxa3 Ke7 31. f3 Rh8 32. Nf1 Qd6 33. Raa1 Rb3 34. Ne3 Qb8 35. Nd1 Qb7 36. Qg6 Rf8 37. h6 1/2-1/2

[Event "Barcelona Primavera La Lira op 11th"]
[Site "Barcelona"]
[Date "2018.05.17"]
[Round "6"]
[White "Farre Buil, Carles"]
[Black "Gonzalez Canovas, Sebastian"]
[Result "1/2-1/2"]
[WhiteElo "1847"]
[BlackElo "1643"]
[PlyCount "85"]
[EventDate "2018.04.12"]
[EventType "swiss"]
[EventRounds "9"]
[EventCountry "ESP"]
[SourceTitle "CBM 184 Extra"]
[Source "ChessBase"]
[SourceDate "2018.06.28"]
[SourceVersion "1"]
[SourceVersionDate "2018.06.28"]
[SourceQuality "1"]

1. c4 Nf6 2. Nf3 d6 3. g3 g6 4. Bg2 Bg7 5. 0-0 0-0 6. Nc3 c6 7. d4 Nbd7 8. e4 e5 9. d5 c5 10. Ne1 Nb6 11. Qd3 Ne8 12. Nc2 f5 13. f3 Nf6 14. Bd2 fxe4 15. fxe4 a6 16. b3 Rb8 17. Rab1 Na8 18. b4 Nd7 19. Be3 Nc7 20. bxc5 Nxc5 21. Bxc5 dxc5 22. Na4 b5 23. Nxc5 Qd6 24. Nb3 bxc4 25. Qxc4 Bd7 26. Qc5 Nb5 27. a4 Rfc8 28. Qxd6 Nxd6 29. Ne1 Bxa4 30. Nd2 Bh6 31. Rxb8 Rxb8 32. Nef3 Rb2 33. Rb1 Rxb1+ 34. Nxb1 Be3+ 35. Kf1 Bb5+ 36. Ke1 Bd3 37. Nfd2 a5 38. Nc3 Kf7 39. Nb3 Nc4 40. Bf1 Bxf1 41. Kxf1 Nd2+ 42. Nxd2 Bxd2 43. Na4 1/2-1/2